Statystyki dla 25 najludniejszych miast w Australii

Kliknij tutaj aby rozwiązać quiz!

Ogólne statystyki

  • Ten quiz został rozwiązany 23 razy
  • Średni wynik to 8 z 25

Statystyki odpowiedzi

Nr.Liczba ludnościMiasto% Poprawnych
8.493,435Canberra
95%
1.4,929,201Melbourne
95%
2.4,892,217Sydney
95%
4.2,205,223Perth
90%
5.1,399,088Adelaide
71%
3.2,545,882Brisbane
67%
17.135,982Darwin
43%
7.517,811Newcastle
33%
6.716,186Gold Coast
29%
13252,693Hobart
29%
15.158,178Cairns
19%
10.345,481Central Coast
14%
12.295,077Geelong
14%
21.93,575Launceston
14%
9.397,205Sunshine Coast
14%
11.309,345Wollongong
14%
16.146,955Toowoomba
10%
14.184,313Townsville
10%
20.98,607Albury
5%
18.114,103Ballarat
5%
19.103,733Bendigo
5%
24.80,106Bunbury
5%
25.75,883Bundaberg
5%
22.86,890Mackay
5%
23.81,130Rockhampton
5%

Rozkład punktacji

Percentyl według liczby udzielonych odpowiedzi

Procent ludzi z każdym wynikiem

Twoja historia wyników

Nie rozwiązałeś tego quizu